Govt. of
Madhya Pradesh

शहर से दूर (Record no. 64666)

MARC details
000 -LEADER
fixed length control field 00331nam a2200109Ia 4500
008 - FIXED-LENGTH DATA ELEMENTS--GENERAL INFORMATION
fixed length control field 221009s9999 xx 000 0 und d
082 ## - DEWEY DECIMAL CLASSIFICATION NUMBER
Classification number 800 BOOK
100 ## - MAIN ENTRY--PERSONAL NAME
Personal name अवस्‍थी राजेन्‍द्र
9 (RLIN) 45511
245 #0 - TITLE STATEMENT
Title शहर से दूर
260 ## - PUBLICATION, DISTRIBUTION, ETC. (IMPRINT)
Name of publisher, distributor, etc. नेशनल पब्लिकेशन
942 ## - ADDED ENTRY ELEMENTS (KOHA)
Koha item type Books
Holdings
Withdrawn status Lost status Damaged status Not for loan Home library Current library Shelving location Date acquired Total Checkouts Barcode Date last seen Price effective from Koha item type
        MACL MACL General Stacks 11/10/2022   CLH013927 11/10/2022 11/10/2022 Books